Synthesis and characterisation of silica-based nanophase materials /
محفوظ في:
| المؤلف الرئيسي: | |
|---|---|
| التنسيق: | أطروحة كتاب |
| اللغة: | English |
| منشور في: |
1999.
|
| الموضوعات: | |
| الوسوم: |
إضافة وسم
لا توجد وسوم, كن أول من يضع وسما على هذه التسجيلة!
|
| LEADER | 00843cam a2200229 a 4500 | ||
|---|---|---|---|
| 001 | u685018 | ||
| 003 | SIRSI | ||
| 008 | 000929s1999 si v 00 10 eng m | ||
| 035 | |a ACM-3483 | ||
| 040 | |a UMM | ||
| 090 | |a QD3 |b NUSP 1999 Zha | ||
| 100 | 1 | 0 | |a Zhang, Ke. |
| 245 | 1 | 0 | |a Synthesis and characterisation of silica-based nanophase materials / |c Zhang Ke. |
| 260 | |c 1999. | ||
| 300 | |a xiv, 174 leaves : |b ill. ; |c 30 cm. | ||
| 502 | |a Thesis (Ph.D.) -- Dept. of Chemistry, Faculty of Science, National University of Singapore, 1999. | ||
| 504 | |a Bibliography: leaves 171-173. | ||
| 650 | 0 | |a Silica |x Synthesis | |
| 650 | 0 | |a Nanostructured materials. | |
| 948 | |a 02/10/2000 |b 06/05/2004 | ||
| 596 | |a 1 | ||
| 999 | |a QD3 NUSP 1999 ZHA |w LC |c 1 |i A509932149 |d 4/4/2012 |e 4/4/2012 |f 10/7/2006 |g 1 |l B_KOM4 |m P01UTAMA |n 2 |r Y |s Y |t TESIS |u 15/2/2005 |o .PUBLIC. BKOM 4 : 44739 | ||
